000 00457nam a22001697a 4500
003 NUST - PNEC
005 20170116180831.0
008 150730b xxu||||| |||| 00| 0 eng d
020 _a9812530584
040 _cLIBRARY
082 _a519.5 MON
100 _94604
_a Montgomery, Douglas C
245 _aApplied statistics and probability for engineers
_cDouglas C. Montgomery,
250 _a3th ed
650 _94605
_aProbabilities
_xME
942 _2ddc
_cBK
999 _c64011
_d64011